Choose which country this city/town is in (2) - Statistics

General Stats
  • This quiz has been taken 55 times
  • The average score is 13 of 20
Answer Stats
Question Answer % Correct
Crooked Tree Belize
100%
Erskine Britain
100%
Xiamen China
100%
Ayios Dhometios Cyprus
100%
Chartres France
100%
Luang Prabang Laos
100%
Lalitpur Nepal
100%
Wonsan North Korea
100%
Melekeok Palau
100%
Zaragoza Spain
100%
Davos Switzerland
100%
Palikir Micronesia
50%
Sveti Nikole North Macedonia
50%
Częstochowa Poland
50%
Chiesanuova San Marino
50%
Noyemberyan Armenia
0%
Geelong Australia
0%
Ajaccio France
0%
Benzdorp Suriname
0%
Zinjibar Yemen
0%
No matching quizzes found
Score Distribution
Percent of People with Each Score
Percentile by Number Answered
Your Score History
You have not taken this quiz